| 000 | 00536nam a2200205 a 4500 | ||
|---|---|---|---|
| 001 | 2556 | ||
| 003 | CDMR | ||
| 005 | 20131014110344.0 | ||
| 008 | 130130s1985||||||||||||||||||||||||||||d | ||
| 020 | _a8485641760 | ||
| 040 |
_aCDMR _bcat _cCDMR |
||
| 100 | 1 |
_aSorel, Andrés _91917 |
|
| 245 | 1 | 0 |
_aLiberación _b: desolación de la utopía _cAndrés Sorel |
| 260 |
_aMadrid _c1985 _bLibertarias |
||
| 300 | _a191 p. | ||
| 490 | 0 |
_aEnsayo (Libertarias) _v3 |
|
| 650 | 0 | 4 |
_91130 _aPremsa _xHistòria |
| 650 | 0 | 4 |
_93628 _aAssaig |
| 942 |
_cMON _2udc |
||
| 999 |
_c2556 _d2556 |
||